000 00855nam a2200241 a 4500
001 1110659
003 AM-YeHGA
005 20250617164521.0
008 140523s2012 un a||||r|||||||||0|ukr|d
020 _a9667379817
040 _aAM-YeHGA
041 0 _aukr
100 1 _aДашкевич, Ярослав Романович
245 1 0 _aВiрмени в Украïнi :
_bДорогами тисячолiть : Збiрник наукових праць /
_cЯ. Дашкевич ; ред. О. Шовкова.
260 _aЛьвiв :
_bЛогос,
_c2012.
300 _a1328 с. :
_bил. ;
_c25 см.
504 _aIncludes bibliographical references and indexes
650 1 4 _aInterethnic relations
_xHistory
_zUkraine
650 1 4 _aArmenians
_xHistory
_zUkraine
700 1 _aШовкова, О.
_eред.
942 _2udc
_cBK
090 _c532850
999 _c525622
_d525622